| 000 | 00964nam a2200325 a 4500 | ||
|---|---|---|---|
| 003 | CHAP | ||
| 005 | 20220817044017.0 | ||
| 008 | 060127d2004 it 00010 eng d | ||
| 010 | _a89971 | ||
| 011 | _a90943 | ||
| 020 | _a9250050968 | ||
| 035 | _a101500 | ||
| 040 | _cCHAP | ||
| 090 | _aCD-162 | ||
| 110 | 0 | _aFAO | |
| 245 | 1 | 0 |
_aForestry outlook study for Africa regional, subregional and contry reports (disco compacto) _c/by FAO |
| 260 |
_aRome : _bFAO, _c2004. |
||
| 300 |
_a1 disco compacto _c4 3/4 plgs. |
||
| 590 |
_aBATCH-UPD _b10 _c20130110 _lUCH01 _h1338 |
||
| 590 |
_aBATCH-UPD _b10 _c20130410 _lUCH01 _h0840 |
||
| 590 |
_aBATCH-UPD _b10 _c20130914 _lUCH01 _h0629 |
||
| 590 |
_aCONVERSION _b10 _c20130109 _lUCH01 _h1350 |
||
| 650 | 1 | 4 |
_aBiodiversidad. _912724 |
| 650 | 1 | 4 |
_aBosques _xAfrica. _914045 |
| 650 | 1 | 4 |
_aDesforestación. _932131 |
| 901 | _aBK | ||
| 905 | _aLilia | ||
| 942 | _cCD | ||
| 949 |
_aCD-162 _bBC _cCD _d33724000993572 _eCD _i101500 _sb |
||
| 999 |
_c89971 _d89971 |
||